Histoire grecque

Guardado en:
Detalles Bibliográficos
Autor principal: Glotz, Gustave (Autor)
Formato: Libro
Lenguaje:francés
Publicado: París, Francia Presses Universitaires de France 1948
Edición:Quatrieme edition
Colección:Histoire Générale
Materias:
Etiquetas: Agregar Etiqueta
Sin Etiquetas, Sea el primero en etiquetar este registro!

MARC

LEADER 00000nam a2200000 a 4500
001 UCP9685
003 CL-VaPUC
005 20210602001447.0
008 000331e19480000FR |||||||||||||||||fre|d
999 |c 286473  |d 286471 
040 |c Pontificia Universidad Católica de Valparaíso 
082 0 4 |a 938 GLO 1948  |2 21 
100 |a Glotz, Gustave  |e author  |9 440550 
245 1 0 |a Histoire grecque 
250 |a Quatrieme edition 
260 |a París, Francia  |b Presses Universitaires de France  |c 1948 
300 |a 2 volúmenes 
490 0 |a Histoire Générale 
500 |a v.1: Des Origines aux Guerres Médiques 
500 |a v.2: La Grèce au V Siécle 
583 |a last modification  |c 20000331 00:00:00  |k Rodrigo Vera 
650 0 |a Historia antigua  |9 267521 
650 7 |a HISTORIA DE GRECIA ANTIGUA  |2 CL-VaPUC  |9 427158 
651 0 |a Grecia  |9 265314 
942 |c BK  |2 ddc 
945 |d 20000331 00:00:00  |a rherrera 
952 |0 0  |1 0  |4 0  |6 938_000000000000000_GLO_1948  |7 0  |8 X  |9 332433  |a BIBHIS  |b BIBHIS  |d 2019-11-20  |h v.1  |i 1260677  |o 938 GLO 1948  |p 1260677  |r 2024-01-30  |w 2019-11-20  |y BK_X  |k HIS 
952 |0 0  |1 0  |4 0  |6 938_000000000000000_GLO_1948  |7 0  |8 X  |9 332434  |a BIBHIS  |b BIBHIS  |d 2019-11-20  |h v.2  |i 1260685  |o 938 GLO 1948  |p 1260685  |r 2024-01-30  |w 2019-11-20  |y BK_X  |k HIS